Pays de l'UE - Statistiques

Statistiques générales
  • Ce quiz a été pris 537 fois
  • Le résultat moyen est 23 sur 27
Statistiques - réponses
Euro ? Pays % Correct
France
100%
1958 Allemagne
98%
1986 Espagne
97%
Italie
97%
Belgique
94%
Portugal
94%
Pays-Bas
91%
Luxembourg
90%
2013 Croatie
89%
Finlande
88%
1981 Grèce
88%
Suède
88%
1995 Autriche
87%
Pologne
87%
1973 Irlande
86%
Lituanie
86%
Lettonie
85%
Slovaquie
85%
Estonie
84%
Slovénie
84%
Hongrie
82%
Danemark
80%
Roumanie
80%
Malte
74%
2007 Bulgarie
72%
République Tchèque
72%
2004 Chypre
69%
Aucun quiz correspondant
Distribution des résultats
% des personnes avec chaque résultat
Percentile par nombre de réponses
Votre historique - résultats
Vous n’avez pas pris ce quiz